Normal view
MARC view
- Rao V B & Kameswari Y
Entry Personal Name
001 - CONTROL NUMBER
- control field: 115603
003 - CONTROL NUMBER IDENTIFIER
- control field: OSt
005 - DATE AND TIME OF LATEST TRANSACTION
- control field: 20230125045035.0
008 - FIXED-LENGTH DATA ELEMENTS
- fixed length control field: 230125|| aca||aabn | a|a d
040 ## - CATALOGING SOURCE
- Original cataloging agency: OSt
- Transcribing agency: OSt
100 ## - HEADING--PERSONAL NAME
- Personal name: Rao V B & Kameswari Y
670 ## - SOURCE DATA FOUND
- Source citation: Work cat.: (OSt)93403: Rao V B 115602, Successful Career Soft Skills and Business English, 2010